Atenção para o top de 15 segundos... - Statistics

Estatísticas Gerais
  • Esse quiz foi jogado 364 vezes
  • A pontuação média é 13 de 16
Estatísticas das Respostas
Hint Resposta % Correto
001 15
99%
002 14
89%
003 13
87%
004 12
86%
005 11
84%
006 10
83%
007 9
83%
009 7
82%
008 8
82%
010 6
81%
012 4
80%
011 5
80%
013 3
79%
014 2
78%
016 0
77%
015 1
77%
Nenhum quiz correspondente encontrado
Distribuição das Pontuações
Porcentagem de Pessoas com Cada Pontuação
Percentil de Números Respondidos
Sua Pontuação Histórica
Você não jogou esse quiz